Radon protection for new dwellings (Record no. 115274)

MARC details
000 -LEADER
fixed length control field 00940cam a22002775a 4500
001 - CONTROL NUMBER
control field L158352
008 - FIXED-LENGTH DATA ELEMENTS--GENERAL INFORMATION
fixed length control field 081110s2015 xxka f 000 0 eng u
020 ## - INTERNATIONAL STANDARD BOOK NUMBER
International Standard Book Number 9781848064065
035 ## - SYSTEM CONTROL NUMBER
System control number (Sirsi) u158352
041 0# - LANGUAGE CODE
Language code of text/sound track or separate title eng
050 04 - LIBRARY OF CONGRESS CALL NUMBER
Classification number 690 $2 18
100 1# - MAIN ENTRY--PERSONAL NAME
Personal name Scivyer, Chris
110 2# - MAIN ENTRY--CORPORATE NAME
Corporate name or jurisdiction name as entry element BRE
245 ## - TITLE STATEMENT
Title Radon protection for new dwellings
260 ## - PUBLICATION, DISTRIBUTION, ETC.
Place of publication, distribution, etc. Watford
Name of publisher, distributor, etc. IHS BRE
Date of publication, distribution, etc. 2015
300 ## - PHYSICAL DESCRIPTION
Extent 8p.
Other physical details ill.
Dimensions 30cm.
490 #0 - SERIES STATEMENT
Series statement BRE Good Building Guide
Volume/sequential designation GG 74
520 ## - SUMMARY, ETC.
Summary, etc. Gives practical advice and guidance on the successful installation of radon-protective measures in new dwellings. To be read in conjunction with BRE Report BR 211 "Radon: guidance on protective measures for new buildings".
520 ## - SUMMARY, ETC.
Summary, etc. Replaces the guidance L145793 published in 2008.
521 ## - TARGET AUDIENCE NOTE
Target audience note Advanced
590 ## - LOCAL NOTE (RLIN)
Local note KA
650 24 - SUBJECT ADDED ENTRY--TOPICAL TERM
Topical term or geographic name entry element RADON PROTECTION MEASURES
651 #4 - SUBJECT ADDED ENTRY--GEOGRAPHIC NAME
Geographic name United Kingdom
Chronological subdivision
690 ## - LOCAL SUBJECT ADDED ENTRY--TOPICAL TERM (OCLC, RLIN)
Topical term or geographic name as entry element Health and safety
9 (RLIN) 6244
942 ## - ADDED ENTRY ELEMENTS (KOHA)
Suppress in OPAC 0
Holdings
Withdrawn status Lost status Source of classification or shelving scheme Damaged status Not for loan Home library Current library Shelving location Date acquired Total Checkouts Full call number Barcode Date last seen Copy number Price effective from Koha item type
    Dewey Decimal Classification     London London BRE publications 15/01/2015   BRE 30075315 06/08/2019 1 06/08/2019 Book